| 000 | 01628nam a2200277 a 4500 | ||
|---|---|---|---|
| 005 | 20241203063740.0 | ||
| 008 | 031016s1995 es r 000 0 spa d | ||
| 020 | _a8447803694 | ||
| 035 | _aUPN01000130239 | ||
| 049 | _aI | ||
| 050 | 4 |
_aAE61 _bW7.2 |
|
| 100 | 1 |
_aWright, Rachel, _d1961- _933501 |
|
| 245 | 1 | 0 |
_aDescubrimientos fantásticos / _cRachel Wright ; il. Hanna-Barbera ; tr. Esther Roig. |
| 260 |
_aBarcelona, Esp. : _bGrijalbo Mondadori, _c1995. |
||
| 300 |
_a4 v. : _bil. col. |
||
| 500 | _aFalta el tomo 4 | ||
| 505 | 8 |
_aContenido: _gv.1. _tEl oso Yogui : la gran aventura -- Tom y Jerry : la aventura de la familia animal -- El gorila Maguilla de safari por Africa -- El oso Yogui conoce a los animales en peligro de extinción -- _gv.2. _tLa fascinante aventura de los dinosaurios : los Picapiedra : la fascinante aventura de los dinosaurios -- Los Supersónicos exploran el espacio -- Droopy explora el mundo del tiempo -- La hormiga atómica viaja por el cuerpo humano -- _gv.3. _tPierre Nodoyuna y Patán : viaje alrededor del mundo -- Scooby-Doo visita las maravillas del mundo -- Pierre Nodoyuna y Patán recorren los desiertos -- Squiddly Diddly bajo el mar |
|
| 650 | 4 |
_aVIAJES ALREDEDOR DEL MUNDO - _vLITERATURA INFANTIL _910274 |
|
| 650 | 4 |
_aDinosaurios _vLiteratura infantil _99370 |
|
| 650 | 0 |
_aEcología de la selva _vLiteratura juvenil _9314 |
|
| 650 | 7 |
_aAnimales _vLiteratura infantil _2 _91061 |
|
| 650 | 4 |
_aCuerpo humano _vLiteratura infantil _912325 |
|
| 700 | 1 |
_aBarbera, Joseph Roland, _d1911-2006 _eil. _935149 |
|
| 700 | 1 |
_aHanna, William Denby, _d1910-2001 _eil. _935150 |
|
| 905 | _aInfantil | ||
| 999 |
_c102396 _d102396 |
||